| 000 | 00547nam a2200157 i 4500 | ||
|---|---|---|---|
| 001 | 37979 | ||
| 003 | ES-MaACL | ||
| 005 | 20230906155656.0 | ||
| 008 | 030224s1931 sp |||| |cspa d | ||
| 100 | 1 |
_aCabanès, Augustin. _933136 |
|
| 245 | 1 | 4 |
_aLos grandes neurópatas (enfermos inmortales) _b: Baudelaire, Byron, Chateubriand, Moliere, Pascal, Shelley, Wagner / _cAugustín Cabanès. |
| 260 |
_aMadrid : _b[s.n., _c1931] ( _fJ. Pueyo) |
||
| 300 |
_a264 p. ; _c19 cm. |
||
| 650 | 4 |
_aEscritores- _vBiografías. _9136034 |
|
| 852 |
_aES-MaACL _jA-5247 |
||
| 999 |
_c37979 _d37979 |
||